| 000 | 00819nam a22002897a 4500 | ||
|---|---|---|---|
| 005 | 20221125161653.0 | ||
| 008 | 190322b xxu||||| |||| 00| 0 spa d | ||
| 020 | _a9789968486897 | ||
| 041 | _aspa | ||
| 082 | _a371.58 D948s | ||
| 100 |
_aDuran Rodríguez, María Martha _950076 |
||
| 245 | _aS.O.S bullying acciones para su prevención, atención y mitigación | ||
| 260 | _aCosta Rica | ||
| 260 | _bEUNED | ||
| 260 | _c2018 | ||
| 300 | _a212 páginas | ||
| 650 |
_aCOSTA RICA _965119 |
||
| 650 |
_aACOSO ESCOLAR _95140 |
||
| 650 |
_aBULLYING _97063 |
||
| 650 |
_aVIOLENCIA ESCOLAR _97129 |
||
| 650 |
_aPREVENCIÓN _9215 |
||
| 650 |
_aDINAMICA _91121 |
||
| 650 |
_aLINEAMIENTOS _952967 |
||
| 650 |
_aACCIONES INSTITUCIONALES _952968 |
||
| 942 | _cBK | ||
| 999 |
_c11786 _d11786 |
||